000 00564nam a2200181Ia 4500
003 GCL
008 140319s9999 xx 000 0 ara d
040 _aGCL /
_cGCL
082 0 4 _a812
_bف ن
100 1 _aفاروق سالم
245 1 0 _aنظام شطارة : مسرحية من ثلاثة فصول /
_cفاروق سالم
300 _a161 ص
490 _aالهيئة العامة للاستعلامات
_v0
650 0 4 _aالادب العربى
650 0 4 _aالمسرحيات العربية
650 0 4 _aالمسرحيات - مصر
942 _2ddc
_cBK
999 _c49005
_d49005